Practicle Sanskrit-English Dictionary (Record no. 1815)

MARC details
000 -LEADER
fixed length control field 00619nam a2200241 a 4500
020 ## - INTERNATIONAL STANDARD BOOK NUMBER
ISBN
082 00 - DEWEY DECIMAL CLASSIFICATION NUMBER
Classification number 491.21
Author Cutter APT
100 ## - MAIN ENTRY--AUTHOR NAME
Author name Apte, Vaman Shivram
245 ## - TITLE STATEMENT
Title Practicle Sanskrit-English Dictionary
260 ## - PUBLICATION, DISTRIBUTION, ETC. (IMPRINT)
Place of publication Bombay
Name of publisher Gopal Narayan & Co
Year of publication 1924
300 ## - PHYSICAL DESCRIPTION
Number of Pages 1048p
500 ## - GENERAL NOTE
General note includes index and biblioraphy
505 2# - FORMATTED CONTENTS NOTE
Formatted contents note 3rd ed.rev.and enl.
650 ## - SUBJECT ADDED ENTRY--TOPICAL TERM
Topical Term Dictionary-Sanskrit-English
942 ## - ADDED ENTRY ELEMENTS (KOHA)
Koha item type Books
700 1# -
-- Apte, Vaman Shivram
Holdings
Collection code Home library Current library Date acquired Cost, normal purchase price Full call number Accession Number Koha item type
  Henry Martyn Institute Library Henry Martyn Institute Library 06/07/2007 100.00 491.21 APT 076 Books
                   Copyright © 2026 | Henry Martyn Institute | Hyderabad | TS-500052 | INDIA | Implemented by hmi.edu.in
Hit-Count:

Powered by Koha